| 000 | 02675nam0a2200445 4500 | ||
|---|---|---|---|
| 001 | RU\NLR\bibl\961724 | ||
| 005 | 20260405105448.0 | ||
| 021 |
_aRU _b2006-25017 _91249 |
||
| 035 | _a(nilc)RSL-KNO-002878949 | ||
| 035 | _a(NLR Aleph) 000949751 | ||
| 090 |
_a272191 _c272191 |
||
| 100 | _a20060511d2005 |||y0rusy50 ca | ||
| 101 | 0 |
_arus _deng |
|
| 102 | _aRU | ||
| 105 | _ay ||||||||| | ||
| 106 | _ar | ||
| 200 | 1 |
_aПриродные ресурсы Центрально-Черноземного района и Тамбовской области _dNatural resources of the Central Chernozem area and the Tanbov oblast _eучебное пособие _fГ. В. Кольцова _gФедер. агентство по образованию, Тамб. гос. ун-т им. Г. Р. Державина _zeng |
|
| 210 |
_aТамбов _cИзд-во ТГУ _d2005 |
||
| 215 |
_a52 с. _d21 |
||
| 300 | _aАвт. также на англ. яз.: G.V. Koltsova | ||
| 300 | _aРез. на англ. яз. | ||
| 320 | _aБиблиогр.: с. 51-52 (53 назв.) | ||
| 510 | 0 |
_6z73790 _aNatural resources of the Central Chernozem area and the Tanbov oblast _zeng |
|
| 606 | 1 |
_aПриродные ресурсы _jУчебные издания _yРоссийская Федерация _yЧерноземный центр _92432554 _3RU\NLR\auth\661447767 |
|
| 606 | 1 |
_aПриродные ресурсы _jУчебные издания _yТамбовская область _92055075 _3RU\NLR\auth\66948329 |
|
| 610 | 0 | _aЭкономика -- Российская Федерация -- Центрально-Черноземный экономический район -- Природные ресурсы -- Учебное пособие для высшей школы | |
| 610 | 0 | _aНауки о Земле -- Региональный раздел наук о Земле -- Российская Федерация -- Центрально-Чернозёмный район -- Физико-географическая характеристика -- Учебное пособие для высшей школы | |
| 686 |
_aУ049(2Р345)1я73-1 _2rubbk |
||
| 686 |
_aД9(2Р345)82я73-1 _2rubbk |
||
| 686 | _aД829(2Р345)я7 | ||
| 686 | _aД829(2Р345-4Т)я7 | ||
| 700 | 1 |
_4070 _8rus _7ca _aКольцова _bГ. В. _gГалина Владиславовна _3RU\NLR\auth\7740771 _923722 |
|
| 790 | 1 |
_4070 _8rus _7ba _aKol'cova _bG. V. _gGalina Bladislavovna _3RU\NLR\auth\7740772 _923723 |
|
| 801 | 0 |
_aRU _bРКП _c20060511 _grcr |
|
| 801 | 1 |
_aRU _bРГБ _c20060511 |
|
| 801 | 2 |
_aRU _bNLR _c20060623 _grcr |
|
| 830 | _aАвт. по кн | ||
| 942 | _cBOOK | ||
| 980 | _aNB | ||